| 000 | 00684nam a2200241Ia 4500 | ||
|---|---|---|---|
| 003 | OSt | ||
| 005 | 20221002051408.0 | ||
| 006 | a|||||r|||| 00| 0 | ||
| 007 | ta | ||
| 008 | 220930b |||||||| |||| 00| 0 eng d | ||
| 024 | _a27353 | ||
| 037 | _cReference Collections | ||
| 040 |
_aCRL _cCRL _beng |
||
| 041 |
_2eng _aeng |
||
| 082 | _aA:(P111:4k), L6;M4(RR) | ||
| 245 | 0 | _aMcGraw-Hill dictionary of scientific and technical terms Ed by Sybil P Parker | |
| 250 | _a3rd | ||
| 260 |
_aNew York _bMcgraw - Hill _c1984 |
||
| 300 |
_a1781+65p _ccm. |
||
| 650 | _aSCIENCE | ||
| 942 |
_hA:(P111:4k), L6;M4(RR) _cref _2CC |
||
| 999 |
_c916756 _d916756 |
||